000 00347nam a2200145 i 4500
001 bg
100 1 _aBARRET, Pierre
245 0 _aKinetyka chemiczna w układach heterogenicznych /
_cP. Barret.
260 _aWarszawa,
_c1979.
040 _cBPK
041 _apol
080 _a541.12
942 _cKS
008 s pl f |000 0 pol
999 _c18571
_d18571
856 _uhttp://koha.tu.koszalin.pl/cgi-bin/koha/opac-detail.pl?biblionumber=18571
_yKatalog online BPK